Spirit of c: (Record no. 181217)
[ view plain ]
| 000 -LEADER | |
|---|---|
| fixed length control field | 00681nam a2200193Ia 4500 |
| 005 - DATE AND TIME OF LATEST TRANSACTION | |
| control field | 20230803152643.0 |
| 008 - FIXED-LENGTH DATA ELEMENTS--GENERAL INFORMATION | |
| fixed length control field | 210716s1987 xx 000 0 und d |
| 040 ## - CATALOGING SOURCE | |
| Transcribing agency | AIMIT LIBRARY |
| 041 ## - LANGUAGE CODE | |
| Language code of text/sound track or separate title | eng |
| 082 ## - DEWEY DECIMAL CLASSIFICATION NUMBER | |
| Classification number | 005.133 |
| Edition number | 1 |
| Item number | MULH |
| 100 ## - MAIN ENTRY--PERSONAL NAME | |
| Personal name | Mullish, Henry. |
| 9 (RLIN) | 129241 |
| 245 ## - TITLE STATEMENT | |
| Title | Spirit of c: |
| Remainder of title | introduction to modern programming / |
| Statement of responsibility, etc. | By Henry Mullish and Mullish Cooper. |
| 250 ## - EDITION STATEMENT | |
| Edition statement | 1st ed. |
| 260 ## - PUBLICATION, DISTRIBUTION, ETC. | |
| Place of publication, distribution, etc. | New Delhi: |
| Name of publisher, distributor, etc. | Jaico Publishing House, |
| Date of publication, distribution, etc. | 1987. |
| 300 ## - PHYSICAL DESCRIPTION | |
| Extent | xiv,527,A-82,I-11p. |
| Other physical details | PB |
| Dimensions | 26 cm. |
| 650 ## - SUBJECT ADDED ENTRY--TOPICAL TERM | |
| Topical term or geographic name entry element | C Programming |
| 9 (RLIN) | 129242 |
| 700 ## - ADDED ENTRY--PERSONAL NAME | |
| Personal name | Cooper, Herbert L. |
| 9 (RLIN) | 129255 |
| 942 ## - ADDED ENTRY ELEMENTS (KOHA) | |
| Source of classification or shelving scheme | Dewey Decimal Classification |
| Koha item type | Book |
| Edition | 1st ed. |
| Call number prefix | 005.133 MULH |
| Withdrawn status | Lost status | Source of classification or shelving scheme | Damaged status | Not for loan | Collection code | Home library | Current library | Date acquired | Total Checkouts | Full call number | Barcode | Date last seen | Price effective from | Koha item type | Source of acquisition | Cost, normal purchase price | Cost, replacement price |
|---|---|---|---|---|---|---|---|---|---|---|---|---|---|---|---|---|---|
| Dewey Decimal Classification | MCA | St Aloysius Institute of Management & Information Technology | St Aloysius Institute of Management & Information Technology | 07/16/2021 | 005.133 MULH | MCA00725 | 07/21/2025 | 07/16/2021 | Book | ||||||||
| Dewey Decimal Classification | MCA | St Aloysius Institute of Management & Information Technology | St Aloysius Institute of Management & Information Technology | 07/16/2021 | 005.133 MULH | MCA02710 | 07/21/2025 | 07/16/2021 | Book | ||||||||
| Dewey Decimal Classification | MCA | St Aloysius Institute of Management & Information Technology | St Aloysius Institute of Management & Information Technology | 07/16/2021 | 005.133 MULH | MCA03489 | 07/21/2025 | 07/16/2021 | Book | ||||||||
| Dewey Decimal Classification | MCA | St Aloysius Institute of Management & Information Technology | St Aloysius Institute of Management & Information Technology | 08/03/2023 | 005.133 MULH | MCA07335 | 07/21/2025 | 07/16/2021 | Book | Donated | |||||||
| Dewey Decimal Classification | MCA | St Aloysius Institute of Management & Information Technology | St Aloysius Institute of Management & Information Technology | 08/03/2023 | 005.133 MULH | MCA08502 | 07/21/2025 | 07/16/2021 | Book | 295.00 | 295.00 |